000 00586nam a2200193 i 4500
001 45692
003 ES-MaACL
007 t|
008 030326s1968 sp ||||1| spa d
100 1 _aColombo, Furio.
_939832
245 1 0 _aAlternativa a la violencia /
_cFurio Colombo ; [traducción, Montserrat D'Alos].
260 _aBarcelona :
_bLumen,
_c[1968]
300 _a273 p. ;
_c19 cm.
490 1 _aPalabra en el tiempo ;
_v27
700 1 _aD'Alos, Montserrat.
_942340
830 0 _aPalabra en el tiempo ;
_v27
_9177857
852 _aES-MaACL
_jG-4077
_bR.65722
999 _c45692
_d45692